00756nam a2200205 a 4500001001300000003000900013005001700022008004100039020002900080040003800109041000800147082003500155100004200190245009400232260006200326300002000388504003100408600003000439655008100469000000371252IT-MiSPE20200317141848.0090603s2007 sp 000 0 spa d a9788481697285c26.30 EUR aIT-MiSPEbitadIT-MiSPEcIT-MiSPE aspa a227.07-SÁN jo ma (axa 23211)1 aSánchez Bosch, Jordi,csac.,d1934-10aMaestro de los pueblos :buna teología de Pablo, el apóstol /cJordi Sánchez Bosch. aEstella (Navarra) :bEVD-Editorial Verbo Divino,c©2007. a735 p. ;c22 cm aBibliografia: p. [691]-719 aPaulus Apostolus,csanto. 7aSacra Scrittura. Studi sul Nuovo TestamentoxPaolo: studi e teologia.2local